00475nam a2200193 a 4500001001300000003000900013005001700022008004100039020001000080082001700090100001700107245003100124260003300155300000800188500003500196505001400231650001900245700001700264nice12345678IN_TiNIC20260116011523.0050524s1934 luca grp 000 0 eng  ac10000a297.24bHAI1 aHaidari, L A aAl-Nabuwwat-Wa-Al Khilafat aLucknowbDarul Tasneefc1934 a43p aincludes index and biblioraphy2 areference aIslam-Prophecy1 aHaidari, L A